| 000 | 01147nac a22002531u 4500 | ||
|---|---|---|---|
| 008 | 100906t xxu||||| |||| 00| 0 eng d | ||
| 010 | _a2004298784 | ||
| 020 | _a0764542370 | ||
| 020 | _a8126504935 | ||
| 035 | _a(OCoLC)ocm54347823 | ||
| 082 | 0 | 0 |
_a006.686 _bL1117 |
| 100 |
_aLaaker, Micah. _918124 |
||
| 245 | 1 | 0 |
_aAdobe Photoshop CS in 10 simple steps or less / _cMicah Laaker and Christopher Schmitt. |
| 260 |
_aNew Delhi : _bWiley Pub., _cc2004. |
||
| 300 |
_axxv, 596 p. : _bill. ; _c23 cm. |
||
| 500 | _aIncludes index. | ||
| 650 | 0 |
_aComputer graphics. _918125 |
|
| 700 | 1 |
_aSchmitt, Christopher. _918126 |
|
| 856 | 4 | 2 |
_3Contributor biographical information _uhttp://www.loc.gov/catdir/bios/wiley046/2004298784.html |
| 856 | 4 | 2 |
_3Publisher description _uhttp://www.loc.gov/catdir/description/wiley041/2004298784.html |
| 856 | 4 | 2 |
_3Table of contents _uhttp://www.loc.gov/catdir/toc/wiley041/2004298784.html |
| 942 |
_cBB _k006.686L1117 _2ddc |
||
| 999 |
_c590 _d590 |
||